1707 1468 1461 1297 1050 1525 1603 1472 1358 1639 1572 1764 1928 1927 1753 1560 1475 1584 1596 1717 1153 1993 1485 1149 1503 1628 1044 1901 1398 1657 1195 1611 1246 1607 1076 1488 1565 1987 1945 1893 1925 1522 1913 1941 1250 1462 1815 1115 1267 1904 1045 1574 1873 1660 1697 1264 1072 1591 1209 1295 1129 1905 1830 1005 1743 1441 1301 1398 1576 1990 1610 1896 1041 1668 1018 1711 1721 1091 1636 1649 1006 1166 1105 1481 1622 1955 1725 1915 1336 1017 1545 1501 1343 1817 1691 1357 1555 1004 1088 BCNSPRNW ULIB Ver.6.0+V

เปลี่ยนเป็นภาษาไทย

Change to English
 แสดงรายละเอียดบรรณานุกรม
  กลับหน้าหลัก

Brief Record : Get Marc (ISO 2709) : E-mail record : QR code < ปิดหน้าต่าง
LEADER : 00000nam 2200000uu 4500
001    13399112924
003     ULIB
008    110627s2551||||th 000 0 tha d
020    9789740417620
090    นว.^bจ757ต 2551
100 0  เจ้าปลาน้อย
245 00 เตกีล่า 99 พนันหัวใจในเกมรัก/^cเจ้าปลาน้อย
250    พิมพ์ครั้งที่ 1
260    กรุงเทพฯ :^bแจ่มใส,^c2551
300    216 หน้า
710 1  แจ่มใส
945    ^p159^l0^i023595
995    ทศพร
999 ^a ใช้งานได้ทุกระบบ
รายการนี้ยังไม่มีแท็ก
คุณยังไม่ได้ล็อกอิน คุณสามารถมีกิจกรรมร่วมกับเว็บไซต์ได้ แต่ต้องล็อกอินก่อน ::
  ล็อกอิน

รายการสื่อสารสนเทศ

ลำดับที่ ประเภท เลขเรียก/บาร์โค้ด สถานที่ สถานะ
- ไม่พบข้อมูล -

รายการใกล้เคียง
    ผู้แต่ง [เจ้าปลาน้อย]

BibComment


ยังไม่เคยถูกคอมเมนท์

คอมเมนท์ทรัพยากรรายการนี้
  คอมเมนท์: เตกีล่า 99 พนันหั..


 Copyright 2026. Bcnsprnw @Library